Largest Countries Ending with "A" - Statistics

General Stats
  • This quiz has been taken 52 times
  • The average score is 17 of 20
Answer Stats
Area (sq. km) Answer % Correct
2,780,400 Argentina
98%
17,098,242 Russia
98%
7,692,024 Australia
96%
9,984,670 Canada
96%
9,706,961 China
96%
3,287,590 India
96%
2,381,741 Algeria
88%
1,141,748 Colombia
86%
1,221,037 South Africa
86%
2,149,690 Saudi Arabia
84%
916,445 Venezuela
84%
1,246,700 Angola
82%
1,904,569 Indonesia
82%
1,759,540 Libya
80%
923,768 Nigeria
80%
945,087 Tanzania
78%
1,564,110 Mongolia
73%
1,104,300 Ethiopia
69%
1,098,581 Bolivia
65%
1,030,700 Mauritania
57%
No matching quizzes found
Score Distribution
Percent of People with Each Score
Percentile by Number Answered
Your Score History
You have not taken this quiz